000 00681nam a2200205Ia 4500
003 GCL
008 140319s9999 xx 000 0 ara d
020 _a0230380497
040 _aGCL /
_cGCL
082 0 4 _a657.8333
_bا م
100 1 _aاحمد صلاح عطية
245 1 0 _aمحاسبة الاستثمار والتمويل فى البنوك التجارية /
_cاحمد صلاح عطية
250 _aالاولى
260 _aالقاهرة :
_bدار النهضة العربية ،
_c2001
300 _a342 ص ؛
_c24 سم
650 0 4 _aالمحاسبة
650 0 4 _aالبنوك - محاسبة
650 0 4 _aالمحاسبة التحليلية
942 _2ddc
_cBK
999 _c5186
_d5186